[Event "C.to Provinciale CZ"]
[Site "Catanzaro ITA"]
[Date "2006.05.20"]
[Round "2"]
[White "Paragliola, Gennaro"]
[Black "Mercurio, Rosario"]
[WhiteElo "1529"]
[BlackElo "1333"]
[Result "1-0"]
[PlyCount "93"]
[EventDate "2006.05.19"]

1. d4 Nf6 2. c4 c5 3. d5 e6 4. Nc3 exd5 5. cxd5 d6 6. Bg5 g6 7. Nf3 Bg7 8. e3
a6 9. Bd3 Bg4 10. h3 Bxf3 11. Qxf3 Nbd7 12. O-O Ne5 13. Qe2 Nxd3 14. Qxd3 h6
15. Bh4 O-O 16. Rac1 b5 17. Ne4 g5 18. Nxg5 hxg5 19. Bxg5 Qe7 20. f3 Qe5 21.
Bf4 Qxd5 22. Qb1 Nh5 23. Rfd1 Qe6 24. Rxd6 Qe7 25. Qf5 Ng3 26. Qc2 Be5 27. Bxe5
Qxe5 28. Qd2 Ne2+ 29. Qxe2 Qxd6 30. f4 Qh6 31. Rxc5 Ra7 32. Rg5+ Kh8 33. Rh5
Kg7 34. Rxh6 Kxh6 35. Qd2 Re8 36. g4 Rae7 37. Kf2 Rxe3 38. Qxe3 Rxe3 39. Kxe3
Kg6 40. h4 f6 41. Ke4 a5 42. h5+ Kg7 43. g5 fxg5 44. fxg5 Kf7 45. Kf5 Ke7 46.
h6 Kd7 47. Kf6 1-0

[Event "C.to Provinciale CZ"]
[Site "Catanzaro ITA"]
[Date "2006.05.20"]
[Round "2"]
[White "Scalise, Sandro"]
[Black "Scerbo, Antonio"]
[WhiteElo "1628"]
[BlackElo "2124"]
[Result "0-1"]
[PlyCount "46"]
[EventDate "2006.05.19"]

1. d4 Nf6 2. Nf3 g6 3. Bf4 Bg7 4. e3 d6 5. h3 O-O 6. c3 Nbd7 7. Bc4 Qe8 8. Nbd2
e5 9. dxe5 Nxe5 10. Nxe5 dxe5 11. Bg5 Bf5 12. Qf3 e4 13. Qf4 Qc6 14. Bh6 Rad8
15. g4 Rxd2 16. Bxf7+ Rxf7 17. Kxd2 Rd7+ 18. Kc1 Nd5 19. Qh2 Nxc3 20. Bxg7 Ne2+
21. Kb1 Rd2 22. Bc3 Nxc3+ 23. Kc1 Nb1+ 0-1

[Event "C.to Provinciale CZ"]
[Site "Catanzaro ITA"]
[Date "2006.05.20"]
[Round "3"]
[White "Paragliola, Gennaro"]
[Black "Piccoli, Vincenzo"]
[WhiteElo "1529"]
[BlackElo "1667"]
[Result "0-1"]
[PlyCount "56"]
[EventDate "2006.05.19"]

1. d4 d5 2. c4 dxc4 3. Nf3 e6 4. e4 Bb4+ 5. Nc3 Nf6 6. Qa4+ Nc6 7. Bg5 Bd7 8.
Qc2 h6 9. Be3 b5 10. Be2 O-O 11. O-O Ne7 12. a4 a6 13. axb5 axb5 14. Na2 Ba5
15. Ne5 Bc8 16. f4 Bb7 17. Bf3 Nc6 18. Rfd1 Qe7 19. Qf2 Bb6 20. Qg3 Nxe5 21.
fxe5 Nxe4 22. Qg4 f5 23. exf6 Nxf6 24. Qg6 Bxf3 25. gxf3 Qf7 26. Qg2 Kh8 27.
Kh1 Nd5 28. Bxh6 gxh6 0-1

[Event "C.to Provinciale CZ"]
[Site "Catanzaro ITA"]
[Date "2006.05.20"]
[Round "3"]
[White "Rotunno, Giuseppe"]
[Black "Liistro, Giovanni Carlo"]
[WhiteElo "1952"]
[BlackElo "1802"]
[Result "0-1"]
[PlyCount "122"]
[EventDate "2006.05.19"]

1. d4 Nf6 2. Nf3 g6 3. c4 Bg7 4. Nc3 O-O 5. e4 d6 6. Be2 Nbd7 7. h3 e5 8. Be3
c6 9. O-O Re8 10. d5 c5 11. Nd2 a6 12. Qa4 Nf8 13. b4 Bd7 14. Qa3 b6 15. Rab1
Qc7 16. Rb2 Reb8 17. Rfb1 Bc8 18. Na4 N8d7 19. g4 h6 20. g5 hxg5 21. Bxg5 b5
22. Nc3 cxb4 23. Rxb4 Nc5 24. cxb5 axb5 25. Qb2 Bd7 26. Nxb5 Bxb5 27. Bxf6 Bxf6
28. Rxb5 Rxb5 29. Qxb5 Rxa2 30. Qe8+ Kh7 31. Rd1 Bg5 32. Nf3 Nxe4 33. Nxg5+
Nxg5 34. h4 Nh3+ 35. Kf1 Nf4 36. Re1 Kg7 37. h5 gxh5 38. Qc6 Qe7 39. Qc4 Qh4
40. Qe4 Qh3+ 41. Kg1 Rxe2 42. Rxe2 Qg4+ 43. Kf1 Nxe2 44. Qxg4+ hxg4 45. Kxe2
Kf6 46. Ke3 Kf5 47. Kd3 Kf4 48. Ke2 f5 49. Ke1 Ke4 50. Kf1 Kxd5 51. Ke2 Ke4 52.
Ke1 Kf3 53. Kf1 f4 54. Kg1 g3 55. fxg3 fxg3 56. Kh1 g2+ 57. Kg1 e4 58. Kh2 e3
59. Kg1 e2 60. Kh2 e1=Q 61. Kh3 Qh1# 0-1

[Event "C.to Provinciale CZ"]
[Site "Catanzaro ITA"]
[Date "2006.05.20"]
[Round "3"]
[White "Scalise, Sandro"]
[Black "Soluri, Francesco"]
[WhiteElo "1628"]
[BlackElo "1473"]
[Result "1-0"]
[PlyCount "61"]
[EventDate "2006.05.19"]

1. d4 g6 2. Nf3 Bg7 3. Bf4 d6 4. h3 b6 5. e3 Bb7 6. c3 Nf6 7. Bb5+ c6 8. Bc4
O-O 9. Nbd2 Nbd7 10. Qe2 d5 11. Bd3 Re8 12. Ne5 Nh5 13. Bh2 Nxe5 14. Bxe5 Bh8
15. f4 e6 16. O-O-O Qe7 17. g4 Ng7 18. Nf3 f6 19. Rhg1 Rf8 20. h4 f5 21. h5 Rf7
22. hxg6 hxg6 23. gxf5 Nxf5 24. Rxg6+ Rg7 25. Rdg1 Rf8 26. Rxg7+ Bxg7 27. Ng5
Bc8 28. Qh5 Nh6 29. Qg6 Rf7 30. Nxf7 Qxf7 31. Qxh6 1-0

[Event "C.to Provinciale CZ"]
[Site "Catanzaro ITA"]
[Date "2006.05.20"]
[Round "3"]
[White "Scerbo, Antonio"]
[Black "Blasco, Domenico"]
[WhiteElo "2124"]
[BlackElo "2008"]
[Result "1/2-1/2"]
[PlyCount "84"]
[EventDate "2006.05.19"]

1. d4 g6 2. c4 Bg7 3. Nc3 d6 4. e4 e5 5. d5 Nh6 6. f3 f5 7. Be3 O-O 8. Qd2 f4
9. Bf2 c5 10. dxc6 bxc6 11. O-O-O Nf7 12. c5 dxc5 13. Bxc5 Qxd2+ 14. Rxd2 Rd8
15. Bc4 Rxd2 16. Kxd2 Bf8 17. Na4 Ba6 18. Be6 Bf1 19. Nh3 Bxg2 20. Ng5 Bxh1 21.
Ke2 Na6 22. Bxf7+ Kg7 23. Bxf8+ Rxf8 24. Bc4 Nc7 25. Nc5 Rb8 26. b3 h6 27. Nh3
Nb5 28. Bxb5 Rxb5 29. Nd3 a5 30. Nhf2 Bg2 31. Ne1 a4 32. Nxg2 axb3 33. axb3
Rxb3 34. Nd3 Kf6 35. Nge1 g5 36. Nc2 h5 37. h3 Rb1 38. Ncb4 Rh1 39. Nf2 Rc1 40.
Nfd3 Rh1 41. Nf2 Rc1 42. Nfd3 Rh1 1/2-1/2

[Event "C.to Provinciale CZ"]
[Site "Catanzaro ITA"]
[Date "2006.05.20"]
[Round "3"]
[White "Tassone, Francesco"]
[Black "Mercurio, Rosario"]
[WhiteElo "1493"]
[BlackElo "1333"]
[Result "1-0"]
[PlyCount "101"]
[EventDate "2006.05.19"]

1. e4 e6 2. d4 d5 3. e5 c5 4. Nf3 Nc6 5. Be2 Qb6 6. c3 Nh6 7. O-O Nf5 8. dxc5
Bxc5 9. b3 O-O 10. Bb2 d4 11. cxd4 Ncxd4 12. Nxd4 Nxd4 13. Nc3 a6 14. Na4 Nxe2+
15. Qxe2 Qa7 16. Nxc5 Qxc5 17. Rac1 Qb6 18. Rfd1 Rd8 19. Rxd8+ Qxd8 20. Rd1 Bd7
21. Qd2 Kf8 22. Qxd7 Qe8 23. Ba3+ Kg8 24. Qxe8+ Rxe8 25. Rd7 Rb8 26. Bd6 Rc8
27. Rc7 Rxc7 28. Bxc7 Kf8 29. Kf1 Ke7 30. Ke2 f6 31. exf6+ gxf6 32. Kd3 Kd7 33.
Ba5 Kd6 34. Kc4 f5 35. g3 e5 36. f3 b5+ 37. Kc3 Kd5 38. a4 e4 39. fxe4+ fxe4
40. axb5 axb5 41. Kb4 Kc6 42. Bd8 e3 43. Bg5 e2 44. Bd2 h5 45. h3 Kb6 46. g4
hxg4 47. hxg4 Kc6 48. g5 Kd5 49. g6 Kd4 50. g7 Kd3 51. Bc3 1-0

[Event "C.to Provinciale CZ"]
[Site "Catanzaro ITA"]
[Date "2006.05.21"]
[Round "4"]
[White "Blasco, Domenico"]
[Black "Scalise, Sandro"]
[WhiteElo "2008"]
[BlackElo "1628"]
[Result "1-0"]
[PlyCount "79"]
[EventDate "2006.05.19"]

1. d4 Nf6 2. Bf4 d6 3. e3 b6 4. Nf3 Bb7 5. h3 e6 6. Be2 Be7 7. O-O Nbd7 8. Nbd2
Ne4 9. Nxe4 Bxe4 10. Nd2 Bb7 11. Bf3 Bxf3 12. Nxf3 Nf6 13. c3 Ne4 14. Qc2 f5
15. Rad1 g5 16. Bh2 h5 17. Nd2 d5 18. Nxe4 dxe4 19. Qb3 Rh6 20. d5 Qc8 21. Qb5+
Kf7 22. f3 exf3 23. Rxf3 g4 24. dxe6+ Qxe6 25. Rxf5+ Rf6 26. Rxf6+ Kxf6 27.
Rf1+ Kg6 28. Qe5 Qxe5 29. Bxe5 c6 30. hxg4 hxg4 31. Rd1 Kf5 32. Bf4 Rd8 33.
Rxd8 Bxd8 34. Kf2 Bh4+ 35. Ke2 Ke4 36. Bb8 Bg5 37. Bxa7 Bxe3 38. a4 Bc1 39.
Bxb6 Bxb2 40. a5 1-0

[Event "C.to Provinciale CZ"]
[Site "Catanzaro ITA"]
[Date "2006.05.21"]
[Round "4"]
[White "Liistro, Giovanni Carlo"]
[Black "Scerbo, Antonio"]
[WhiteElo "1802"]
[BlackElo "2124"]
[Result "0-1"]
[PlyCount "59"]
[EventDate "2006.05.19"]

1. e4 c5 2. c3 d5 3. exd5 Nf6 4. d4 Nxd5 5. Nf3 cxd4 6. cxd4 e6 7. Nc3 Be7 8.
Bd3 O-O 9. O-O Nc6 10. Re1 Bf6 11. Be4 Nce7 12. Ng5 g6 13. Qg4 Bg7 14. Qh4 Nf6
15. Bc2 Qa5 16. Re5 Qb4 17. a3 Qb6 18. Nce4 h5 19. Nf3 Nxe4 20. Rxe4 Nf5 21.
Qh3 Rd8 22. g4 hxg4 23. Rxg4 Nxd4 24. Nxd4 Rxd4 25. Rxd4 Qxd4 26. Bg5 e5 27.
Qc3 Qxc3 28. bxc3 Be6 29. Rb1 b6 30. Rd1 0-1

[Event "C.to Provinciale CZ"]
[Site "Catanzaro ITA"]
[Date "2006.05.21"]
[Round "4"]
[White "Mercurio, Rosario"]
[Black "Scalise, Felicia"]
[WhiteElo "1333"]
[BlackElo "1368"]
[Result "1-0"]
[PlyCount "43"]
[EventDate "2006.05.19"]

1. Nf3 d5 2. c4 e6 3. b3 Nf6 4. e3 Nc6 5. Nc3 Bd6 6. Be2 O-O 7. O-O Bd7 8. Bb2
b6 9. Qb1 a6 10. cxd5 exd5 11. Bd3 Nb4 12. Bf5 Qc8 13. e4 g6 14. Bxd7 Qxd7 15.
exd5 c6 16. a3 Nbxd5 17. Nxd5 cxd5 18. Bxf6 Qe6 19. Qb2 Rac8 20. Rfe1 Qd7 21.
Bh8 Bc5 22. Qg7# 1-0

[Event "C.to Provinciale CZ"]
[Site "Catanzaro ITA"]
[Date "2006.05.21"]
[Round "4"]
[White "Piccoli, Vincenzo"]
[Black "Tassone, Francesco"]
[WhiteElo "1667"]
[BlackElo "1493"]
[Result "1-0"]
[PlyCount "75"]
[EventDate "2006.05.19"]

1. d4 d5 2. c4 Nf6 3. cxd5 Nxd5 4. e4 Nb6 5. Nc3 e6 6. Nf3 g6 7. Bg5 Be7 8. Bf4
Bf6 9. Bd3 O-O 10. e5 Bg7 11. Ne4 N8d7 12. O-O Nd5 13. Bg5 Qe8 14. Qd2 b6 15.
Bb5 a6 16. Bc6 Rb8 17. Bh6 Bb7 18. Bxd7 Qxd7 19. Nf6+ Bxf6 20. Bxf8 Rxf8 21.
exf6 Nxf6 22. Ne5 Qb5 23. Qd3 Qxd3 24. Nxd3 Rd8 25. Rfd1 Rxd4 26. f3 c5 27. Ne5
Bd5 28. Rxd4 cxd4 29. b3 b5 30. Rd1 Kg7 31. Rxd4 Ne8 32. Nd3 Nc7 33. Nb4 Kf6
34. Kf2 a5 35. Nxd5+ Nxd5 36. g3 b4 37. a3 bxa3 38. Ra4 1-0

[Event "C.to Provinciale CZ"]
[Site "Catanzaro ITA"]
[Date "2006.05.21"]
[Round "4"]
[White "Soluri, Francesco"]
[Black "Paragliola, Gennaro"]
[WhiteElo "1473"]
[BlackElo "1529"]
[Result "0-1"]
[PlyCount "68"]
[EventDate "2006.05.19"]

1. d4 Nf6 2. Nf3 e6 3. g3 d5 4. Bg2 Nc6 5. Bg5 h6 6. Bxf6 Qxf6 7. c3 Bd6 8.
Nbd2 O-O 9. O-O Re8 10. e4 dxe4 11. Nxe4 Qe7 12. Nxd6 cxd6 13. Re1 d5 14. Re3
b5 15. a3 a5 16. Qd2 a4 17. Rae1 Na5 18. Nh4 Nc4 19. Nf5 Nxd2 20. Nxe7+ Rxe7
21. Bxd5 Raa7 22. Bg2 Nc4 23. R3e2 Bb7 24. d5 e5 25. f4 f6 26. Rd1 Nd6 27. fxe5
Rxe5 28. Rxe5 fxe5 29. Bh3 Ba8 30. Be6+ Kf8 31. Rf1+ Ke7 32. g4 Rc7 33. h3 Rc5
34. Rd1 Bb7 0-1

[Event "C.to Provinciale CZ"]
[Site "Catanzaro ITA"]
[Date "2006.05.21"]
[Round "5"]
[White "Blasco, Domenico"]
[Black "Liistro, Giovanni Carlo"]
[WhiteElo "2008"]
[BlackElo "1802"]
[Result "1-0"]
[PlyCount "125"]
[EventDate "2006.05.19"]

1. d4 Nf6 2. Nf3 g6 3. e3 Bg7 4. c4 d6 5. Nc3 O-O 6. Be2 Nbd7 7. O-O e5 8. b4
c6 9. b5 Re8 10. bxc6 bxc6 11. Qa4 Nb6 12. Qa5 Qc7 13. Ba3 Nfd7 14. Rac1 Bf8
15. Rfe1 Bb7 16. c5 dxc5 17. dxc5 Nd5 18. Qxc7 Nxc7 19. Ne4 Nb5 20. Bxb5 cxb5
21. Nd6 Bxd6 22. cxd6 Rac8 23. Rc7 Rxc7 24. dxc7 Rc8 25. Rc1 f6 26. Bb4 Kf7 27.
Nd2 f5 28. f3 Ke6 29. Nb3 Bd5 30. Ba5 Bc4 31. f4 e4 32. Nd4+ Kd5 33. Rd1 Kc5
34. a3 Nf6 35. h3 h5 36. Kf2 Ne8 37. Rc1 Kd5 38. Rd1 Kc5 39. g4 hxg4 40. hxg4
fxg4 41. Kg3 Nxc7 42. Rd2 Ne6 43. Kxg4 Rh8 44. Bb4+ Kd5 45. Nxb5+ Kc6 46. Nd4+
Nxd4 47. Rxd4 Bd3 48. Rd6+ Kb5 49. Bc3 Rc8 50. Bd4 a5 51. Rxg6 Ka4 52. f5 Kxa3
53. f6 Bc4 54. Rg7 Rf8 55. Kf4 Kb3 56. Kxe4 a4 57. Ke5 a3 58. Kd6 a2 59. Ke7
Ra8 60. Rg1 Bd3 61. f7 Bb1 62. f8=Q Rxf8 63. Kxf8 1-0

[Event "C.to Provinciale CZ"]
[Site "Catanzaro ITA"]
[Date "2006.05.21"]
[Round "5"]
[White "Scalise, Sandro"]
[Black "Paragliola, Gennaro"]
[WhiteElo "1628"]
[BlackElo "1529"]
[Result "1-0"]
[PlyCount "85"]
[EventDate "2006.05.19"]

1. d4 Nf6 2. Nf3 b6 3. Bf4 Bb7 4. e3 e6 5. h3 Nc6 6. c3 Ne4 7. Nbd2 Ne7 8. Bd3
f5 9. Qe2 Ng6 10. Ne5 Nxf4 11. exf4 Nf6 12. Rg1 Be7 13. O-O-O c5 14. Nb3 cxd4
15. Nxd4 O-O 16. Bc4 Bd5 17. Nxe6 dxe6 18. Nc6 Qd6 19. Bxd5 Nxd5 20. Nxe7+ Qxe7
21. Rxd5 Kf7 22. Re1 Rfe8 23. Re5 g6 24. g4 fxg4 25. hxg4 Qf6 26. Qe4 Rad8 27.
f5 Rd6 28. f4 g5 29. fxe6+ Rdxe6 30. Qxh7+ Kf8 31. Rxe6 Rxe6 32. Rxe6 Qxe6 33.
Qh8+ Kf7 34. Qh5+ Kf8 35. Qh8+ Kf7 36. Qd4 Qe1+ 37. Kc2 Qe2+ 38. Kb3 Qxg4 39.
Qd5+ Kf6 40. Qxg5+ Qxg5 41. fxg5+ Kxg5 42. Kc4 Kf6 43. Kb5 1-0

[Event "C.to Provinciale CZ"]
[Site "Catanzaro ITA"]
[Date "2006.05.21"]
[Round "5"]
[White "Scerbo, Antonio"]
[Black "Piccoli, Vincenzo"]
[WhiteElo "2124"]
[BlackElo "1667"]
[Result "1-0"]
[PlyCount "53"]
[EventDate "2006.05.19"]

1. c4 Nf6 2. Nc3 e6 3. g3 d5 4. cxd5 exd5 5. d4 Bf5 6. Qb3 Bc8 7. Bg2 c6 8. Nf3
Bd6 9. O-O O-O 10. Bg5 Nbd7 11. Rfd1 Qb6 12. Qc2 h6 13. Bf4 Bxf4 14. gxf4 Re8
15. Ne5 Nxe5 16. fxe5 Nh7 17. e4 dxe4 18. Nxe4 Bf5 19. Nf6+ Nxf6 20. Qxf5 Nh7
21. d5 Qxb2 22. dxc6 Rxe5 23. cxb7 Rb8 24. Rab1 Qe2 25. Qd3 Qxa2 26. Qd6 Ree8
27. Ra1 1-0

[Event "C.to Provinciale CZ"]
[Site "Catanzaro ITA"]
[Date "2006.05.21"]
[Round "5"]
[White "Tassone, Francesco"]
[Black "Soluri, Francesco"]
[WhiteElo "1493"]
[BlackElo "1473"]
[Result "1/2-1/2"]
[PlyCount "54"]
[EventDate "2006.05.19"]

1. e4 c6 2. d4 e5 3. dxe5 Qe7 4. Nc3 g6 5. Bf4 Bg7 6. Nf3 b6 7. Qd2 Na6 8. a3
Bb7 9. b4 Nc7 10. Be2 Ne6 11. Be3 h6 12. O-O f6 13. Nh4 Qf7 14. exf6 Bxf6 15.
Nf3 Qg7 16. e5 Bxe5 17. Nxe5 Qxe5 18. Bf3 O-O-O 19. Ne4 d5 20. Ng3 h5 21. Qe2
Nh6 22. Rfe1 Nf4 23. Qd2 Rhf8 24. Bxf4 Qxf4 25. Qxf4 Rxf4 26. Re6 h4 27. Ne2
Rc4 1/2-1/2

[Event "C.to Provinciale RI"]
[Site "Rieti ITA"]
[Date "2006.05.07"]
[Round "2"]
[White "Fioravanti, Ivano"]
[Black "Cardinali, Egidio"]
[Result "0-1"]
[WhiteElo "1464"]
[BlackElo "1817"]
[PlyCount "92"]
[EventDate "2006.05.05"]

1. d4 d5 2. c4 c6 3. Nf3 Nf6 4. Nc3 Bf5 5. e3 e6 6. c5 Be7 7. Bd3 Bg4 8. O-O
Nbd7 9. Be2 O-O 10. Qc2 Bxf3 11. Bxf3 e5 12. Be2 Ne8 13. b4 e4 14. f3 f5 15.
fxe4 fxe4 16. Rxf8+ Nxf8 17. Bd2 Bg5 18. Rf1 Nf6 19. Nd1 Ne6 20. Nf2 h5 21. Qd1
g6 22. Nh3 Bh6 23. Nf4 Bxf4 24. exf4 Nxd4 25. Bc3 Nf5 26. Qd2 Qe7 27. Qd1 Rd8
28. Bd4 Ne8 29. g4 Nxd4 30. Qxd4 Qf6 31. Qxf6 Nxf6 32. gxh5 gxh5 33. Kf2 Rd7
34. Rg1+ Rg7 35. Rxg7+ Kxg7 36. f5 h4 37. Ke3 Nd7 38. Kf4 Kf6 39. Kg4 Ne5+ 40.
Kxh4 d4 41. Kg3 d3 42. Bd1 e3 43. Bb3 e2 44. Kf2 Ng4+ 45. Ke1 Nxh2 46. Bc4 Nf3+
0-1

[Event "C.to Provinciale RI"]
[Site "Rieti ITA"]
[Date "2006.05.06"]
[Round "3"]
[White "Marinelli, Franco"]
[Black "Fioravanti, Ivano"]
[Result "1/2-1/2"]
[WhiteElo "1397"]
[BlackElo "1464"]
[PlyCount "70"]
[EventDate "2006.05.05"]

1. d4 Nf6 2. Bg5 e6 3. e4 Be7 4. e5 Nd5 5. Bxe7 Qxe7 6. c3 b6 7. Ne2 Bb7 8. Qd2
c5 9. Nf4 cxd4 10. Nxd5 Bxd5 11. cxd4 Bb7 12. a3 Nc6 13. Nc3 a6 14. Ne4 O-O 15.
Nd6 Na5 16. Qb4 Bd5 17. Rc1 Qg5 18. Rc3 f6 19. h4 Qh6 20. Rc7 Nb3 21. Qc3 fxe5
22. dxe5 Qf4 23. Qe3 Qxe3+ 24. fxe3 Nc5 25. Rh2 Ne4 26. Nxe4 Bxe4 27. g3 Bc6
28. Rf2 Rxf2 29. Kxf2 Rf8+ 30. Ke1 Rf3 31. Bxa6 Rxg3 32. Bc8 Rh3 33. Bxd7 Bxd7
34. Rxd7 Rxh4 35. Rd4 Rxd4 1/2-1/2

[Event "C.to Provinciale RI"]
[Site "Rieti ITA"]
[Date "2006.05.07"]
[Round "5"]
[White "Onelli, Massimiliano"]
[Black "Fioravanti, Ivano"]
[Result "1-0"]
[WhiteElo "1556"]
[BlackElo "1464"]
[PlyCount "91"]
[EventDate "2006.05.05"]

1. e4 c5 2. Bc4 d6 3. d3 Nc6 4. Nf3 h6 5. a3 Nf6 6. Nc3 Bg4 7. Be3 a6 8. Nd5
Nd7 9. h3 Bh5 10. Nf4 Bxf3 11. Qxf3 Nde5 12. Qd1 Nxc4 13. dxc4 Ne5 14. b3 g6
15. O-O Bg7 16. a4 O-O 17. Rb1 Nc6 18. Bd2 Nd4 19. c3 Nc6 20. b4 b6 21. b5 axb5
22. cxb5 Na5 23. Qe2 c4 24. Qe3 e6 25. Ne2 Nb7 26. Nd4 Rxa4 27. Nc6 Qc7 28. Ra1
Rxa1 29. Rxa1 Na5 30. Nxa5 bxa5 31. b6 Qb7 32. Rxa5 Rb8 33. Rb5 Qa6 34. Rb4 Re8
35. f4 Kf8 36. e5 dxe5 37. fxe5 Rd8 38. b7 Qa1+ 39. Be1 Rb8 40. Qc5+ Kg8 41.
Kf1 Qa6 42. Qc7 Bxe5 43. Qxe5 Rxb7 44. Rxb7 Qxb7 45. Bf2 Qb1+ 46. Be1 1-0

[Event "XII Torneo Leonardo di Bona Nazionale"]
[Site "Cutro ITA"]
[Date "2006.04.23"]
[Round "1"]
[White "Camposano, Antonio"]
[Black "Olivo, Gaetano"]
[Result "0-1"]
[WhiteElo "1389"]
[BlackElo "1637"]
[PlyCount "130"]
[EventDate "2006.04.23"]

1.d4 d5 2.g3 Bg4 3.Bh3 Bxh3 4.Nxh3 e6 5.b3 h6 6.Ba3 Bxa3 7.Nxa3 c6 8.e3 
Qa5+ 9.Qd2 Qxa3 10.O-O Nf6 11.f3 Nbd7 12.g4 c5 13.c3 Rc8 14.Qc1 Qa5 15.Qd2
cxd4 16.Qxd4 Rxc3 17.Rfc1 Rxc1+ 18.Rxc1 O-O 19.a4 e5 20.Qc3 Qxc3 21.Rxc3 
b6 22.Nf2 Nc5 23.a5 Nfd7 24.b4 Na6 25.Nd3 f6 26.b5 Nac5 27.a6 Nxd3 28.Rxd3
d4 29.exd4 exd4 30.Rxd4 Nc5 31.Kf2 Re8 32.f4 Kf7 33.Kf3 g6 34.h4 Rc8 35.
Rc4 Ke6 36.Ke3 Rd8 37.g5 hxg5 38.fxg5 f5 39.Kf3 Rd3+ 40.Kg2 Rb3 41.Rc1 
Rxb5 42.Re1+ Ne4 43.Rc1 Rc5 44.Rd1 Ra5 45.Rd8 Rxa6 46.Re8+ Kf7 47.Re5 Ra3 
48.h5 Rg3+ 49.Kh2 Rxg5 50.hxg6+ Kxg6 51.Re7 Rh5+ 52.Kg2 a5 53.Rb7 Rg5+ 54.
Kf3 Rg3+ 55.Kf4 Rb3 56.Ra7 Rb4 57.Ra8 Rb5 58.Rc8 a4 59.Rc6+ Nf6 60.Rc4 a3 
61.Ra4 Rb4+ 62.Rxb4 Nd5+ 63.Ke5 Nxb4 64.Kd6 a2 65.Kc7 a1=Q 0-1

[Event "XII Torneo Leonardo di Bona Nazionale"]
[Site "Cutro ITA"]
[Date "2006.04.23"]
[Round "1"]
[White "De Rasis, Giovanni"]
[Black "Meli, Massimo"]
[Result "1/2-1/2"]
[WhiteElo "1476"]
[BlackElo "1878"]
[PlyCount "63"]
[EventDate "2006.04.23"]

1.d4 Nf6 2.c4 e6 3.Nc3 Bb4 4.Bg5 h6 5.Bxf6 Qxf6 6.e4 b6 7.e5 Qd8 8.Qg4 O-O
9.Qe4 Nc6 10.Bd3 g6 11.Qe3 Kg7 12.Nf3 Bb7 13.a3 Bxc3+ 14.bxc3 Qe7 15.O-O 
Na5 16.Nd2 f5 17.exf6+ Rxf6 18.d5 Raf8 19.Ne4 R6f7 20.Rae1 e5 21.Qg3 Rf5 
22.h4 Nb3 23.Rb1 Qxa3 24.Bc2 Nc5 25.Ra1 Nxe4 26.Bxe4 Qc5 27.Rxa7 Bc8 28.
Bxf5 Rxf5 29.Ra8 Bb7 30.Rb8 Ba6 31.Ra1 Bxc4 32.Rg8+ 1/2-1/2

[Event "XII Torneo Leonardo di Bona Nazionale"]
[Site "Cutro ITA"]
[Date "2006.04.23"]
[Round "1"]
[White "Fagotto, Roberto"]
[Black "Paragliola, Gennaro"]
[Result "1-0"]
[WhiteElo "1940"]
[BlackElo "1529"]
[PlyCount "101"]
[EventDate "2006.04.23"]

1.e4 d6 2.d4 Nf6 3.Nc3 g6 4.Nf3 Bg7 5.h3 O-O 6.Be3 e5 7.Bd3 exd4 8.Nxd4 
Re8 9.O-O Nbd7 10.Nf3 Ne5 11.Nxe5 dxe5 12.Bg5 c6 13.Qd2 Be6 14.Kh1 Qd7 15.
Qe3 Qd4 16.Qf3 Qd8 17.Rfe1 Qe7 18.a3 Rad8 19.b4 h6 20.Be3 b5 21.Bc5 Qc7 
22.Qe3 Rd7 23.a4 a6 24.axb5 axb5 25.Ra6 Qb7 26.Rea1 Rb8 27.Qc1 Qc8 28.R1a5
Rd8 29.Ra7 Nd7 30.Be7 Re8 31.Bd6 Rb7 32.Qa3 Nb8 33.Rxb7 Qxb7 34.Ra7 Qb6 
35.Bc5 Qd8 36.Ne2 Bf8 37.Bxf8 Kxf8 38.Nc1 Qf6 39.Kg1 Qg5 40.Bf1 Bxh3 41.
Qxh3 Qxc1 42.Qd3 Kg8 43.Rb7 Qg5 44.g3 Rd8 45.Qf3 Rf8 46.Kg2 h5 47.c4 bxc4 
48.Bxc4 h4 49.Rxf7 Rxf7 50.Qxf7+ Kh8 51.Qg8# 1-0

[Event "XII Torneo Leonardo di Bona Nazionale"]
[Site "Cutro ITA"]
[Date "2006.04.23"]
[Round "1"]
[White "Ielapi, Gianbattista"]
[Black "Abbruzzese, Alfredo"]
[Result "1-0"]
[WhiteElo "1629"]
[BlackElo "1380"]
[PlyCount "43"]
[EventDate "2006.04.23"]

1.e4 e5 2.Nf3 Nc6 3.Bb5 Nf6 4.O-O Bc5 5.c3 O-O 6.Re1 Ng4 7.d4 Bb6 8.h3 Nf6
9.dxe5 Nh5 10.Bg5 Ne7 11.Nd4 a6 12.Bc4 h6 13.Bxe7 Qxe7 14.Qxh5 d6 15.exd6 
cxd6 16.Nf5 Qe5 17.Qf3 Re8 18.Nd4 Bc7 19.Qxf7+ Kh7 20.Qxc7 d5 21.Qxe5 Rxe5
22.Bxd5 1-0

[Event "XII Torneo Leonardo di Bona Nazionale"]
[Site "Cutro ITA"]
[Date "2006.04.23"]
[Round "1"]
[White "Levato, Biagio"]
[Black "Frontera, Giuseppe"]
[Result "0-1"]
[WhiteElo "1510"]
[BlackElo "1883"]
[PlyCount "58"]
[EventDate "2006.04.23"]

1.Nf3 Nf6 2.d3 d5 3.g3 Nc6 4.Bg2 e5 5.Nbd2 Bd6 6.O-O O-O 7.c3 h6 8.e4 Be6 
9.Re1 dxe4 10.dxe4 Qd7 11.b3 Rad8 12.Bb2 Qc8 13.Qc2 Rfe8 14.Nf1 Bc5 15.b4 
Bb6 16.a4 Ng4 17.Ne3 Bxe3 18.fxe3 Bc4 19.Bf1 Qe6 20.Rad1 Bb3 21.Qc1 Bxd1 
22.Rxd1 Rxd1 23.Qxd1 Nxe3 24.Qe2 Nxf1 25.Qxf1 Qb3 26.Qa1 Rd8 27.Kg2 Qc2+ 
28.Kh3 Rd1 29.Ne1 Qe2 0-1

[Event "XII Torneo Leonardo di Bona Nazionale"]
[Site "Cutro ITA"]
[Date "2006.04.23"]
[Round "1"]
[White "Macri', Pasquale"]
[Black "Alo', Lucio"]
[Result "0-1"]
[WhiteElo "1374"]
[BlackElo "1628"]
[PlyCount "40"]
[EventDate "2006.04.23"]

1.e4 e5 2.Nf3 Nc6 3.Bb5 Nge7 4.d3 a6 5.Bxc6 Nxc6 6.a3 Bc5 7.b4 Ba7 8.O-O 
h6 9.Bb2 O-O 10.Nxe5 Qf6 11.d4 Nxe5 12.dxe5 Qg6 13.Bd4 Bxd4 14.Qxd4 Re8 
15.Nd2 d6 16.h3 Bxh3 17.g3 Bxf1 18.Rxf1 dxe5 19.Qd7 Rad8 20.Qa4 b5 0-1

[Event "XII Torneo Leonardo di Bona Nazionale"]
[Site "Cutro ITA"]
[Date "2006.04.23"]
[Round "1"]
[White "Olivo, Paolo"]
[Black "Mercurio, Rosario"]
[Result "1-0"]
[WhiteElo "1628"]
[BlackElo "1333"]
[PlyCount "89"]
[EventDate "2006.04.23"]

1.e4 e6 2.d4 d5 3.Nc3 Bb4 4.e5 c5 5.a3 Bxc3+ 6.bxc3 cxd4 7.cxd4 Ne7 8.Bd3 
Nbc6 9.c3 Bd7 10.Nf3 Qa5 11.Bd2 Qc7 12.O-O O-O-O 13.a4 Rhg8 14.Ng5 Be8 15.
Qc2 h6 16.Nf3 f5 17.c4 Bf7 18.cxd5 Nxd5 19.Rfc1 Be8 20.a5 a6 21.Qb3 Kb8 
22.Bxa6 Bd7 23.Rc5 Ka7 24.Bb5 Rb8 25.Qa4 Rgc8 26.Rac1 Qd8 27.a6 b6 28.Bxc6
bxc5 29.Bxd7 Nb6 30.Ba5 Nxa4 31.Bxd8 Rxd8 32.Bxa4 Rb2 33.dxc5 Rdb8 34.g3 
Ra2 35.Bd7 Rxa6 36.c6 Rd8 37.c7 Rxd7 38.c8=Q Rb7 39.Qc5+ Ka8 40.Nd4 Rbb6 
41.Qf8+ Ka7 42.Rc7+ Rb7 43.Qc5+ Rb6 44.Qa5+ Ra6 45.Nb5+ 1-0

[Event "XII Torneo Leonardo di Bona Nazionale"]
[Site "Cutro ITA"]
[Date "2006.04.23"]
[Round "1"]
[White "Piccoli, Vincenzo"]
[Black "Olivo, Ilaria"]
[Result "1-0"]
[WhiteElo "1667"]
[BlackElo "1392"]
[PlyCount "51"]
[EventDate "2006.04.23"]

1.d4 Nf6 2.c4 g6 3.Nc3 d5 4.cxd5 Nxd5 5.e4 Nxc3 6.bxc3 Bg7 7.Bc4 c5 8.Be3 
Nc6 9.Ne2 O-O 10.O-O Qa5 11.Qc2 Rd8 12.Rfd1 e6 13.Rab1 cxd4 14.cxd4 Qc7 
15.Bb3 Qe7 16.Ba4 Bd7 17.Rxb7 Rdc8 18.Bxc6 Rxc6 19.Qxc6 Bxc6 20.Rxe7 Bxe4 
21.Ng3 Bd5 22.Rc1 Bxa2 23.Rec7 Bd5 24.Rc8+ Rxc8 25.Rxc8+ Bf8 26.Bh6 1-0

[Event "XII Torneo Leonardo di Bona Nazionale"]
[Site "Cutro ITA"]
[Date "2006.04.23"]
[Round "1"]
[White "Policastrese, Salvatore"]
[Black "Catapano, Francesco"]
[Result "0-1"]
[WhiteElo "1440"]
[BlackElo "1784"]
[PlyCount "68"]
[EventDate "2006.04.23"]

1.e4 c5 2.Nc3 e6 3.Nf3 Nc6 4.Bc4 a6 5.a4 g6 6.O-O Bg7 7.d3 Nge7 8.Be3 b6 
9.Qd2 Nd4 10.Bxd4 cxd4 11.Ne2 Nc6 12.c3 dxc3 13.Nxc3 O-O 14.Rfe1 Qc7 15.
Qe3 Bb7 16.Bb3 d6 17.d4 Nb4 18.Rac1 Qd8 19.Na2 Nc6 20.d5 exd5 21.exd5 Ne5 
22.Rc2 Re8 23.Nxe5 Bxe5 24.Qd2 Rc8 25.Nc3 Qh4 26.h3 Qb4 27.Ba2 Qc5 28.Rcc1
Qb4 29.Rc2 b5 30.axb5 axb5 31.Rcc1 Bf4 32.Qc2 Bxc1 33.Qxc1 Rxe1+ 34.Qxe1 
Qxb2 0-1